-
MISHRA, DR. RAVINESH , SHARMA, DR. BHARTENDU, AND SHARMA, PRIYA
Entry Personal Name
Number of records used in: 2
001 - CONTROL NUMBER
003 - CONTROL NUMBER IDENTIFIER
005 - DATE AND TIME OF LATEST TRANSACTION
- control field:
20251125110406.0
008 - FIXED-LENGTH DATA ELEMENTS
- fixed length control field:
251125|| aca||aabn | a|a d
040 ## - CATALOGING SOURCE
- Original cataloging agency:
JRU
- Transcribing agency:
JRU
100 ## - HEADING--PERSONAL NAME
- Personal name:
MISHRA, DR. RAVINESH , SHARMA, DR. BHARTENDU, AND SHARMA, PRIYA
670 ## - SOURCE DATA FOUND
- Source citation:
Work cat.: (JRU)8997: MISHRA, DR. RAVINESH , SHARMA, DR. BHARTENDU, AND SHARMA, PRIYA , TEXTBOOK OF PHARMACEUTICAL REGULATORY SCIENCE FOR THE B. PHARM [8TH SEM], 2025